К расчету на персональном компьютере температуры нагрева воды в контактной камере; Теплофизические основы энергетических технологий

Bibliografiska uppgifter
Parent link:Теплофизические основы энергетических технологий.— 2010.— [С. 322-324]
Huvudupphovsman: Голдаев С. В. Сергей Васильевич
Övriga upphovsmän: Извеков А. С.
Sammanfattning:Заглавие с титульного листа
Språk:ryska
Publicerad: 2010
Ämnen:
Länkar:http://www.lib.tpu.ru/fulltext/c/2010/C02/079.pdf
Materialtyp: MixedMaterials Elektronisk Bokavsnitt
KOHA link:https://koha.lib.tpu.ru/cgi-bin/koha/opac-detail.pl?biblionumber=233731

MARC

LEADER 00000naa2a2200000 4500
001 233731
005 20260116133604.0
035 |a (RuTPU)RU\TPU\book\254812 
035 |a RU\TPU\book\254811 
090 |a 233731 
100 |a 20130311d2010 k y0rusy50 ca 
101 0 |a rus 
102 |a RU 
135 |a drcn ---uucaa 
181 0 |a i  
182 0 |a b 
200 1 |a К расчету на персональном компьютере температуры нагрева воды в контактной камере  |f С. В. Голдаев, А. С. Извеков 
203 |a Текст  |c электронный 
215 |a 1 файл (352 Kb) 
300 |a Заглавие с титульного листа 
320 |a [Библиогр.: с. 323-324 (5 назв.)] 
337 |a Adobe Reader 
463 1 |0 (RuTPU)RU\TPU\book\250339  |t Теплофизические основы энергетических технологий  |o сборник научных трудов Всероссийской научно-практической конференции с международным участием, 24 - 26 июня 2010 г., г. Томск  |f Национальный исследовательский Томский политехнический университет (ТПУ) ; ред. коллегия Г. В. Кузнецов [и др.]  |v [С. 322-324]  |d 2010 
610 1 |a труды учёных ТПУ 
610 1 |a электронный ресурс 
610 1 |a расчет 
610 1 |a персональные компьютеры 
610 1 |a температура 
610 1 |a вода 
610 1 |a нагрев 
700 1 |a Голдаев  |b С. В.  |c специалист в области теплотехники  |c профессор Томского политехнического университета  |f 1950-  |g Сергей Васильевич  |3 (RuTPU)RU\TPU\pers\26860 
701 1 |a Извеков  |b А. С. 
801 1 |a RU  |b 63413507  |c 20120830 
801 2 |a RU  |b 63413507  |c 20160212  |g RCR 
856 4 |u http://www.lib.tpu.ru/fulltext/c/2010/C02/079.pdf 
942 |c CF